000
00501nam a2200181Ia 4500
008
090124s9999 xx 000 0 und d
082
_b
113295
100
_a
बुवा वि.आ.
245
_a
पडल्या पडल्या
250
_a
1
260
_c
1970
300
_a
100
600
_a
बुवा वि.आ.
630
_a
पडल्या पडल्या
700
_a
बुवा वि.आ.
730
_a
पडल्या पडल्या
942
_c
BOOK
999
_c
159386
_d
159386